Préfectures et sous-préfectures du Pays de la Loire - Statistiques

Statistiques générales
  • Ce quiz a été pris 416 fois
  • Le résultat moyen est 11 sur 16
Statistiques - réponses
Réponse % Correct
Nantes
99%
Angers
97%
Le Mans
97%
Laval
93%
La-Roche-sur-Yon
92%
Saint-Nazaire
90%
Les Sables-d'Olonne
76%
Cholet
74%
Mayenne
68%
Saumur
64%
La Flèche
60%
Châteaubriant
51%
Mamers
39%
Fontenay-le-Comte
37%
Segré-en-Anjou Bleu
32%
Château-Gontier-sur-Mayenne
25%
Aucun quiz correspondant
Distribution des résultats
% des personnes avec chaque résultat
Percentile par nombre de réponses
Votre historique - résultats
Vous n’avez pas pris ce quiz